00581nam a2200169Ia 4500008004100000020001500041041001200056082001600068100002300084245005900107260003200166300000800198650001200206942000700218999001500225952017100240221030s9999 xx 000 0 und d a8172248210 aEnglish a105.23bCoo aA. K. Coomaraswamy 0aMyths Of The Hindus & Buddhistscby A. K. Coomaraswamy bJaico Pub.aNew Delhic1913 a399 aGeneral cBK c7360d7360 pBE 3790g175.00l0o105.23 Coor2024-06-13 00:00:00w2022-10-30yBK003Print4070aMIETLIBbMIETLIBcBL-Academic Block A, FL-1, CUP-21, SH-5, R-5d2001-04-2310HBE